000
00334nam a22001457a 4500
003
SGT
020
_a
938426691-4
082
_a
611
_b
MAR
100
_a
MARATHA, SUSHMA
245
_a
HUMAN ANATOMY AND PHYSIOLOGY
260
_a
INDIA
_b
BIRLA PUB.
_c
2025
300
_a
72
650
_a
HUMAN ANATOMY AND PHYSIOLOGY
942
_2
ddc
_c
BK
999
_c
32928
_d
32928